000 00307nam a22001337a 4500
020 _a978-81-286-2608-1
082 _a823
_bEUR/A
100 _aEURO BOOKS
245 _aADVENTURES OF BAR0ON VON MENCHHAUSEN
_bSHORT STORY
300 _a40
520 _aCLASSICS STORY
650 _aCLASSICS STORY
942 _cBK
999 _c3670
_d3670